000 00640nam a2200217Ia 4500
003 OSt
005 20220701114619.0
008 210716s2011 xx 000 0 und d
020 _a9788184898514
040 _cAIMIT LIBRARY
041 _aeng
082 _a511.8
_21
_bBARE
100 _aBarbeau, Edward J.
_946467
245 _aPells equation /
_cBy Edward J Barbeau.
250 _a1st ed.
260 _aNew Delhi :
_bSpringer ,
_c2011.
300 _aix, 212p. ;
_c22 cm.
650 _aTracking down the fundamental solution
_946468
650 _aAnalogues of the foruth and higher degrees
_946469
942 _2ddc
_cBK
_e1st
_k511.8 BARE
999 _c193352
_d193352